000 00387cam a2200169 4500
001 D10369
008 090401t1979 xxu||||| |||| 00| 0 eng d
035 _a(Sirsi) u94816
041 _aeng
100 _aCarter, P.D.
245 _aEmployment
260 _c1979
350 _a0
520 _aIn RICS. BRiefing `79; are you up-to-date? 1979/51AB
942 _n0
948 _c04/03/1997
999 _c98198
_d98198